Jurídica : Anuario de la Escuela de Derecho de la Universidad Iberoamericana : tomo I, número 1, julio 1969 /
Збережено в:
| Інші автори: | |
|---|---|
| Формат: | Книга |
| Мова: | Іспанська |
| Опубліковано: |
México :
Universidad Iberoamericana, Departamento de Derecho,
1969, c1969
|
| Теги: |
Немає тегів, Будьте першим, хто поставить тег для цього запису!
|
MARC
| LEADER | 00000nam^a2200000^a^4500 | ||
|---|---|---|---|
| 001 | 000573325 | ||
| 005 | 20250521000000.0 | ||
| 009 | 20260310132327.181 | ||
| 037 | |a Acervo ITESO - Biblioteca | ||
| 041 | |a ESP | ||
| 091 | |a FGM. 04840 | ||
| 245 | 0 | 0 | |a Jurídica : |b Anuario de la Escuela de Derecho de la Universidad Iberoamericana : tomo I, número 1, julio 1969 / |
| 264 | 4 | |a México : |b Universidad Iberoamericana, Departamento de Derecho, |c 1969, c1969 | |
| 300 | |a VIII, 238 p. | ||
| 336 | |a texto |b txt |2 rdacontenido | ||
| 337 | |a sin mediación |b n |2 rdamedio | ||
| 338 | |a volumen |b nc |2 rdasoporte | ||
| 649 | |a XX | ||
| 700 | |a Borja Martínez, Manuel |e (dirección) | ||
| 910 | |a Fondo Efraín González Morfín | ||
| 920 | |a Impresos - Libros | ||
| 930 | |a Fondos Especiales | ||
| 905 | |a 130 | ||
| 901 | |a 0500386351 |b IT2 |c ESL |i D93972 |u 20250521 | ||
| 902 | |a https://opac.biblio.iteso.mx/vufind/Record/000573325 | ||